Normal view MARC view
  • Satti, Muhammad Gul Nawaz.Maj

Entry Personal Name

Number of records used in: 1

001 - CONTROL NUMBER

  • control field: 77196

003 - CONTROL NUMBER IDENTIFIER

  • control field: NUST

005 - DATE AND TIME OF LATEST TRANSACTION

  • control field: 20210628205833.0

008 - FIXED-LENGTH DATA ELEMENTS

  • fixed length control field: 210628|| aca||aabn | a|a d

040 ## - CATALOGING SOURCE

  • Original cataloging agency: NUST
  • Transcribing agency: NUST

100 ## - HEADING--PERSONAL NAME

  • Personal name: Satti, Muhammad Gul Nawaz.Maj

670 ## - SOURCE DATA FOUND

  • Source citation: Work cat.: (NUST): Satti, Muhammad Gul Nawaz.Maj, Islam may askari jazbay muharika ka tasawar, 1999
© 2023 Central Library, National University of Sciences and Technology. All Rights Reserved.